The last journals of David Livingstone, in Central Africa, from 1865 to his death. (Record no. 552838)
[ view plain ]
| 000 -LEADER | |
|---|---|
| fixed length control field | 00583cam a2200145u 4500 |
| 082 ## - DEWEY DECIMAL CLASSIFICATION NUMBER | |
| Classification number | 967 |
| Author Mark | WAL |
| 100 1# - MAIN ENTRY--PERSONAL NAME | |
| Personal name | Livingstone, David, |
| 9 (RLIN) | 50089 |
| 245 04 - TITLE STATEMENT | |
| Title | The last journals of David Livingstone, in Central Africa, from 1865 to his death. |
| 260 ## - PUBLICATION, DISTRIBUTION, ETC. | |
| Place of publication, distribution, etc. | Hartford, Conn., |
| Name of publisher, distributor, etc. | R. W. Bliss & company; |
| Place of publication, distribution, etc. | Newark, N.J., |
| Name of publisher, distributor, etc. | F. C. Bliss & co.; [etc., etc.] |
| Date of publication, distribution, etc. | 1875. |
| 300 ## - PHYSICAL DESCRIPTION | |
| Extent | 1 p.l., [ix]-xvii, [1], [19]-360 p. (incl. plates, ports., facsism.) |
| Other physical details | front., 2 maps. |
| Dimensions | 23 cm. |
| 526 ## - STUDY PROGRAM INFORMATION NOTE | |
| Program name | 0 |
| Interest level | 0 |
| Reading level | 0 |
| Title point value | 967_000000000000000_WAL |
| 650 ## - SUBJECT ADDED ENTRY--TOPICAL TERM | |
| Topical term or geographic name entry element | MCE |
| 9 (RLIN) | 379 |
| 700 1# - ADDED ENTRY--PERSONAL NAME | |
| Personal name | Waller, Horace, |
| 9 (RLIN) | 50090 |
| 942 ## - ADDED ENTRY ELEMENTS (KOHA) | |
| Source of classification or shelving scheme | |
| Koha item type | Book |
| Withdrawn status | Lost status | Source of classification or shelving scheme | Damaged status | Not for loan | Permanent Location | Current Location | Shelving location | Date acquired | Total Checkouts | Full call number | Barcode | Date last seen | Price effective from | Koha item type |
|---|---|---|---|---|---|---|---|---|---|---|---|---|---|---|
| Military College of Engineering (MCE) | Military College of Engineering (MCE) | 01/23/2015 | 967 WAL | MCE-ECL/9 | 01/23/2015 | 01/23/2015 | Book |
